000 01489nam a22004214i 4500
999 _c64273
_d64273
001 29564057
003 CO-MdFUSB
005 20180404151218.0
008 970313t cauao g b 001 0beng
010 _a 93048770
020 _a0156000938
040 _aDLC
_cCO-MdFUSB
_dCO-MdFUSB
_dNLC
_bspa
_erda
041 _aeng
043 _an-us---
082 _224
_aG 289.94092
_bEP64s
100 1 _aEpstein, Daniel Mark.
_eautor
242 1 0 _aHermana Aimee
_b: la vida de Aimee Semple McPherson
_lInglés
245 1 0 _aSister Aimee
_b: The life of Aimee Semple McPherson
_c/ Daniel Mark Epstein.
250 _a1st Harvest ed.
264 1 _aSan Diego :
_bHarcourt Brace,
_c℗1993
264 4 _c©1993
300 _ax, 475 páginas :
_bilustraciones ;
_c23 cm.
336 _2rdacontent
_atexto
_btxt
337 _2rdamedia
_asin mediación
_bn
338 _2rdacarrier
_avolumen
_bnc
500 _a"A Harvest book."
500 _aOriginally published: New York : Harcourt Brace Jovanovich, c1993.
501 _aIncluye índices (p. 471- 472)
504 _aBibliografía (p. 459- 469)
505 _aLos primeros años -- Su ascenso a la fama -- El toque curativo -- El templo -- Los últimos años
600 1 0 _aMcPherson, Aimee Semple,
_d1890-1944.
610 2 0 _aInternational Church of the Foursquare Gospel
_xClergy
_vBiography.
650 7 _aBiografía
_9409
942 _cBK